LEADER 01087nam a2200301 i 4500 001 991000897639707536 005 20020507175442.0 008 980629s1971 us ||| | eng 020 $a0387900284 035 $ab10772716-39ule_inst 035 $aLE01303999$9ExL 040 $aDip.to Matematica$beng 082 0 $a532.05 084 $aAMS 76-01 100 1 $aMises, Richard :$cvon$010 245 10$aFluid dynamics /$cR. von Mises, K. O. Friedrichs 260 $aNew York :$bSpringer-Verlag,$c1971 300 $aix, 353 p. :$bill. ;$c26 cm 490 0 $aApplied mathematical sciences ;$v5 500 $aIncludes bibliographical references 650 0$aFluid dynamics 700 1 $aFriedrichs, Kurt Otto$eauthor$4http://id.loc.gov/vocabulary/relators/aut$040614 907 $a.b10772716$b23-02-17$c28-06-02 912 $a991000897639707536 945 $aLE013 76-XX MIS11 (1971)$g1$i2013000100593$lle013$o-$pE0.00$q-$rl$s- $t0$u1$v0$w1$x0$y.i10871263$z28-06-02 996 $aFluid dynamics$91552541 997 $aUNISALENTO 998 $ale013$b01-01-98$cm$da $e-$feng$gus $h0$i1